000 00294nam a2200097Ia 4500
008 160725s9999 xx 000 0 und d
100 _aGareza, April Apple G.
245 _aRethinking the nursing curriculum.
260 _bKaizen Research Journal College of Nursing
_cJune 2013
650 _aNURSING
999 _c298028
_d298028